[Event "Mittelfranken-chTB2b 1112"]
[Site "Germany"]
[Date "2012.01.15"]
[Round "5.1"]
[White "Schatz, Christian"]
[Black "Pokorny, Klaus"]
[Result "1-0"]
[WhiteElo "2148"]
[BlackElo "1830"]
[PlyCount "59"]
[EventDate "2011.09.25"]
[EventType "team-tourn"]
[EventRounds "9"]
[EventCountry "GER"]
[SourceTitle "EXT 2013"]
[Source "ChessBase"]
[SourceDate "2012.11.22"]
[SourceVersion "1"]
[SourceVersionDate "2012.11.22"]
[SourceQuality "1"]
[WhiteTeam "Schwanstetten"]
[BlackTeam "Kirchehrenbach/Ebermannstadt"]
[WhiteTeamCountry "GER"]
[BlackTeamCountry "GER"]

1. Nf3 Nf6 2. d4 g6 3. Bg5 Bg7 4. Nbd2 c5 5. e3 cxd4 6. exd4 d5 7. Bd3 Nc6 8. c3 0-0 9. 0-0 h6 10. Bh4 Nh5 11. Re1 Bg4 12. h3 Be6 13. Bxg6 fxg6 14. Rxe6 g5 15. Bg3 Qd7 16. Qe2 Nf4 17. Bxf4 Rxf4 18. Re1 Raf8 19. b4 h5 20. b5 Nd8 21. Rxe7 Qf5 22. Re8 g4 23. Rxf8+ Bxf8 24. hxg4 hxg4 25. Nh4 Qh5 26. Qe5 Qh6 27. g3 Rf7 28. Nf1 Qh7 29. Qg5+ Kh8 30. Ng6+ 1-0

[Event "Mittelfranken-ch HT 60th"]
[Site "Buechenbach/Roth"]
[Date "2011.04.22"]
[Round "7"]
[White "Hofer, Markus"]
[Black "Pokorny, Klaus"]
[Result "1-0"]
[WhiteElo "2084"]
[BlackElo "1848"]
[PlyCount "37"]
[EventDate "2011.04.19"]
[EventType "swiss"]
[EventRounds "9"]
[EventCountry "GER"]
[SourceTitle "CBM 142 Extra"]
[Source "ChessBase"]
[SourceDate "2011.06.27"]
[SourceVersion "1"]
[SourceVersionDate "2011.06.27"]
[SourceQuality "1"]

1. d4 Nf6 2. c4 g6 3. Nc3 Bg7 4. e4 0-0 5. Be3 d6 6. f3 e5 7. Nge2 exd4 8. Nxd4 c6 9. Qd2 Qe7 10. 0-0-0 Rd8 11. g4 Bxg4 12. fxg4 Nxe4 13. Nxe4 Qxe4 14. Bd3 Qxg4 15. Nf5 Qh5 16. Nxg7 Kxg7 17. Bd4+ f6 18. Qf4 Nd7 19. Qxd6 1-0

[Event "Mittelfranken-ch HT 60th"]
[Site "Buechenbach/Roth"]
[Date "2011.04.22"]
[Round "8"]
[White "Leopold, Christian"]
[Black "Pokorny, Klaus"]
[Result "1-0"]
[WhiteElo "2006"]
[BlackElo "1848"]
[PlyCount "45"]
[EventDate "2011.04.19"]
[EventType "swiss"]
[EventRounds "9"]
[EventCountry "GER"]
[SourceTitle "CBM 142 Extra"]
[Source "ChessBase"]
[SourceDate "2011.06.27"]
[SourceVersion "1"]
[SourceVersionDate "2011.06.27"]
[SourceQuality "1"]

1. e4 e6 2. d3 c5 3. Nc3 Nc6 4. g3 d6 5. Bg2 Nf6 6. f4 Be7 7. Nf3 0-0 8. 0-0 a6 9. h3 Qc7 10. Ne2 e5 11. g4 b5 12. Ng3 Nd4 13. g5 Nxf3+ 14. Qxf3 Ne8 15. f5 Bb7 16. Be3 Rd8 17. c4 Rb8 18. b3 Ba8 19. Qh5 bxc4 20. dxc4 a5 21. f6 Bxf6 22. gxf6 Nxf6 23. Rxf6 1-0

[Event "Mittelfranken-ch HT 60th"]
[Site "Buechenbach/Roth"]
[Date "2011.04.19"]
[Round "1"]
[White "Saathoff, Richard"]
[Black "Pokorny, Klaus"]
[Result "1-0"]
[WhiteElo "2089"]
[BlackElo "1848"]
[PlyCount "59"]
[EventDate "2011.04.19"]
[EventType "swiss"]
[EventRounds "9"]
[EventCountry "GER"]
[SourceTitle "CBM 142 Extra"]
[Source "ChessBase"]
[SourceDate "2011.06.27"]
[SourceVersion "1"]
[SourceVersionDate "2011.06.27"]
[SourceQuality "1"]

1. e4 e6 2. d4 d5 3. Nc3 Nf6 4. Bg5 dxe4 5. Nxe4 Be7 6. Bxf6 Bxf6 7. Nf3 0-0 8. Qd2 b6 9. 0-0-0 Bb7 10. Nxf6+ Qxf6 11. Ne5 Rd8 12. Qe3 Nd7 13. Bd3 Rac8 14. Kb1 Nf8 15. Ng4 Qe7 16. Qg3 c5 17. dxc5 Rxc5 18. Rhe1 a5 19. f4 Qc7 20. Ne5 b5 21. h4 b4 22. h5 a4 23. h6 Ng6 24. hxg7 b3 25. axb3 axb3 26. cxb3 Ra8 27. b4 Bd5 28. bxc5 Nxe5 29. fxe5 Qxc5 30. Bc2 1-0

[Event "Mittelfranken-chTB2a 1011"]
[Site "Germany"]
[Date "2010.11.21"]
[Round "3.3"]
[White "Martin, Hans"]
[Black "Pokorny, Klaus"]
[Result "1-0"]
[WhiteElo "1757"]
[BlackElo "1785"]
[PlyCount "51"]
[EventDate "2010.09.26"]
[EventType "team-tourn"]
[EventRounds "9"]
[EventCountry "GER"]
[SourceTitle "EXT 2012"]
[Source "ChessBase"]
[SourceDate "2011.11.24"]
[SourceVersion "1"]
[SourceVersionDate "2011.11.24"]
[SourceQuality "1"]
[WhiteTeam "Buechenbach/Roth III"]
[BlackTeam "Kirchehrenbach/Ebermannstadt"]
[WhiteTeamCountry "GER"]
[BlackTeamCountry "GER"]

1. e4 e6 2. Nf3 d5 3. Nc3 Nf6 4. e5 Nfd7 5. d4 c5 6. Bf4 Nc6 7. Bb5 Qb6 8. 0-0 cxd4 9. Bxc6 bxc6 10. Nxd4 Ba6 11. Re1 Qxb2 12. Na4 Qb7 13. Rb1 Qc7 14. Qg4 h5 15. Nxe6 fxe6 16. Qxe6+ Be7 17. Qg6+ Kd8 18. Qxg7 Rf8 19. Bg5 Bxg5 20. Qxg5+ Kc8 21. e6 Nb6 22. Nc5 Bc4 23. e7 Re8 24. Qf5+ Kb8 25. Qxh5 Rxe7 26. Qh8+ 1-0

[Event "Mittelfranken-chT 0405"]
[Site "Germany"]
[Date "2004.11.07"]
[Round "2.4"]
[White "Theimer, Matthias"]
[Black "Pokorny, Klaus"]
[Result "0-1"]
[WhiteElo "1794"]
[BlackElo "1776"]
[PlyCount "120"]
[EventDate "2004.10.17"]
[EventType "team"]
[EventRounds "9"]
[EventCountry "GER"]
[SourceTitle "EXT 2007"]
[Source "ChessBase"]
[SourceDate "2006.11.23"]
[SourceVersion "1"]
[SourceVersionDate "2006.11.23"]
[SourceQuality "1"]

1. c4 Nf6 2. Nc3 g6 3. d4 Bg7 4. e4 d6 5. Nf3 0-0 6. Be2 Re8 7. 0-0 e5 8. dxe5 dxe5 9. Qxd8 Rxd8 10. Nxe5 Nxe4 11. Nxe4 Bxe5 12. Bg5 Rd4 13. Nc3 Nc6 14. Rad1 Be6 15. Nd5 Rxd1 16. Rxd1 Nd4 17. Kf1 Nxe2 18. Kxe2 c6 19. Ne3 Kf8 20. b3 Ke8 21. Nc2 c5 22. Ne3 f6 23. Bh4 Rd8 24. Rxd8+ Kxd8 25. Bg3 Bxg3 26. hxg3 Kd7 27. f4 Kd6 28. g4 Bd7 29. a3 a5 30. g3 Bc6 31. Kd3 Bf3 32. Kc3 Be4 33. Kd2 h6 34. Kc3 Ke6 35. b4 axb4+ 36. axb4 b6 37. bxc5 bxc5 38. Kd2 g5 39. f5+ Ke5 40. Kc3 Bf3 41. Kd3 Be4+ 42. Kc3 Bc6 43. Kd3 Bf3 44. Kc3 Ke4 45. Nd5 Bxg4 46. Nxf6+ Kxf5 47. Nd7 Ke4 48. Nxc5+ Kf3 49. Kd2 h5 50. Ke1 Kxg3 51. Ne4+ Kf4 52. Nf2 Bf5 53. Ke2 h4 54. c5 Bd7 55. Kf1 Bc6 56. Nd3+ Kg3 57. Ne5 Bb5+ 58. Kg1 h3 59. c6 h2+ 60. Kh1 Bf1 0-1